000 01220nam a22003497a 4500
001 20275191
003 OSt
005 20241126143008.0
008 240628b |||||||| |||| 00| 0 eng d
010 _a 2018000640
020 _a9780323077620 (hardcover : alk. paper)
035 _a(DNLM)101719017
040 _aKMU
_cKMU
_erda
_beng
_dKMU
042 _apcc
050 0 0 _aSF 911
100 1 _aFossum, Theresa Welch,
_eauthor.
245 1 0 _aSmall animal surgery /
_cTheresa Welch Fossum ; illustrator, Laura Pardi Duprey.
250 _a4th ed.
263 _a1806
264 1 _aPhiladelphia, PA :
_bElsevier, Inc.,
_c[2019]
300 _axv, 1568p.:
_c29 cm.
_bill, photos (colors).
336 _atext
_2rdacontent
337 _aunmediated
_2rdamedia
338 _avolume
_2rdacarrier
500 _aPreceded by Small animal surgery / [edited by] Theresa Welch Fossum ; Laura Pardi Duprey, Theodore G. Huff, medical illustrators. 4th ed. 2013.
504 _aIncludes bibliographical references and index.
650 1 2 _aSurgery, Veterinary
650 2 2 _aAnimal Diseases
_xsurgery
650 2 2 _aAnimals, Domestic
_xsurgery
906 _a7
_bcbc
_corignew
_d1
_eecip
_f20
_gy-gencatlg
942 _2lcc
_cBK
_e4th ed.
_n0
999 _c1447
_d1447